[Event "Baden-ch U20"]
[Site "Karlsruhe"]
[Date "2020.01.03"]
[Round "2"]
[White "Schneider, Xenia"]
[Black "Wagner, Lena"]
[Result "1-0"]
[WhiteElo "1332"]
[BlackElo "1289"]
[PlyCount "45"]
[EventDate "2020.01.02"]
[EventType "swiss"]
[EventRounds "7"]
[EventCountry "GER"]
[SourceTitle "CBM 194 Extra"]
[Source "ChessBase"]
[SourceDate "2020.03.31"]
[SourceVersion "1"]
[SourceVersionDate "2020.03.31"]
[SourceQuality "1"]

1. e4 c6 2. d4 d5 3. Nc3 dxe4 4. Nxe4 Bf5 5. Ng3 Bg6 6. h4 Nf6 7. Nf3 e6 8. h5 Be4 9. Ng5 Bd5 10. c4 c5 11. cxd5 Nxd5 12. Bb5+ Nc6 13. 0-0 Be7 14. N3e4 Bxg5 15. Bxg5 Qb6 16. dxc5 Qa5 17. Nd6+ Kf8 18. h6 gxh6 19. Bxh6+ Ke7 20. Qh5 Nd8 21. Rfe1 a6 22. Nf5+ Kf6 23. Qg5# 1-0

[Event "GER-chT U14 Girls"]
[Site "Magdeburg"]
[Date "2015.12.27"]
[Round "2.2"]
[White "Wagner, Lena"]
[Black "Mueller Glewe, Franka"]
[Result "1/2-1/2"]
[WhiteElo "1057"]
[BlackElo "899"]
[PlyCount "111"]
[EventDate "2015.12.27"]
[EventType "team-swiss"]
[EventRounds "7"]
[EventCountry "GER"]
[SourceTitle "EXT 2017"]
[Source "ChessBase"]
[SourceDate "2016.10.25"]
[SourceVersion "1"]
[SourceVersionDate "2016.10.25"]
[SourceQuality "1"]
[WhiteTeam "Endingen"]
[BlackTeam "Hamburger SK"]
[WhiteTeamCountry "GER"]
[BlackTeamCountry "GER"]

1. d4 d5 2. Nf3 Nf6 3. Bf4 Nc6 4. Nc3 Bf5 5. e3 a6 6. Bd3 e6 7. 0-0 Bd6 8. Ne5 0-0 9. Re1 Ne4 10. Nxe4 Bxe4 11. Bxe4 dxe4 12. Qg4 Bxe5 13. dxe5 Qd2 14. Re2 Qa5 15. Qg3 Rad8 16. Bh6 Qxe5 17. Qxe5 Nxe5 18. Bf4 Rd5 19. h3 h6 20. b3 f6 21. c4 Rc5 22. Rd1 g5 23. Bxe5 Rxe5 24. Rd7 Rf7 25. Rxf7 Kxf7 26. f4 exf3 27. gxf3 b5 28. e4 Rc5 29. Rc2 f5 30. Kg2 Kf6 31. Kg3 Ke5 32. a4 fxe4 33. fxe4 Kxe4 34. axb5 axb5 35. Re2+ Kf5 36. Rf2+ Ke5 37. cxb5 Rxb5 38. Rf7 h5 39. Rxc7 Rxb3+ 40. Kg2 g4 41. hxg4 hxg4 42. Rc4 Kf5 43. Rc5+ Kf6 44. Rc4 Kf5 45. Rc5+ e5 46. Rc8 Rb6 47. Kg3 e4 48. Rc5+ Ke6 49. Kxg4 Rd6 50. Kf4 Rd4 51. Ke3 Rb4 52. Rh5 Kf6 53. Kf4 Ke6 54. Re5+ Kd6 55. Rxe4 Rxe4+ 56. Kxe4 1/2-1/2